| 000 | 00854nam a2200253 i 4500 | ||
|---|---|---|---|
| 001 | 112168 | ||
| 003 | ES-MaACL | ||
| 005 | 20250605063105.0 | ||
| 007 | t| | ||
| 008 | 061121s1946 sp f r ||||1| spa d | ||
| 040 | _cES-MaACL | ||
| 080 | _a792(460.27 M.)Teatro Real | ||
| 100 | 1 |
_aMuñoz, Matilde _984332 _eaut |
|
| 245 | 1 | 0 |
_aHistoria del Teatro Real / _cMatilde Muñoz ; prólogo del Marqués de Valdeiglesias. |
| 250 | _a1ª ed. | ||
| 260 |
_aMadrid : _bTesoro, _c1946. |
||
| 300 |
_a293 p., 7 lám. ; _c21 cm. |
||
| 610 | 2 | 4 |
_aTeatro Real (Madrid)- _vHistoria _96927 |
| 700 | 1 |
_aValdeiglesias, Alfredo Escobar y Ramírez, _cMarqués de, _d1858-1949 _9155268 _eaui |
|
| 852 |
_aES-MaACL _jB-10584 _bR.22275 _xEncuadernación cartoné _cSPB |
||
| 942 |
_cMONOGRAFIA _n0 |
||
| 999 |
_c112168 _d112168 |
||